| 000 | 00395cam a2200157ua 4500 | ||
|---|---|---|---|
| 041 |
_aeng _h |
||
| 082 |
_a371.3 _bWES/TE |
||
| 100 | _aWest, Michael . | ||
| 245 |
_aTeaching English in difficult circumstances / _cMichael West. _hTextual Documents |
||
| 260 |
_aLondon : _bLongman , _c1960. |
||
| 300 | _a136 ; . | ||
| 500 | _a**Reference | ||
| 504 | _a | ||
| 942 | _cBK | ||
| 999 |
_c7930 _d7930 |
||